[Event "Ruhrgebiet Verbandsklasse Gruppe 1 1718"]
[Site "Germany"]
[Date "2018.02.04"]
[Round "6.2"]
[White "Arnold, Ulrich"]
[Black "Brendemuehl, Bernd"]
[Result "1/2-1/2"]
[WhiteElo "1853"]
[BlackElo "1896"]
[PlyCount "63"]
[EventDate "2017.09.17"]
[EventType "team-tourn"]
[EventRounds "9"]
[EventCountry "GER"]
[SourceTitle "EXT 2022"]
[Source "ChessBase"]
[SourceDate "2021.10.06"]
[SourceVersion "1"]
[SourceVersionDate "2021.10.06"]
[SourceQuality "1"]
[WhiteTeam "Drewer SG"]
[BlackTeam "Dortmund FS"]
[WhiteTeamCountry "GER"]
[BlackTeamCountry "GER"]

1. d4 f5 2. g3 Nf6 3. Bg2 e6 4. c4 d5 5. Nh3 c6 6. Qc2 Bd6 7. 0-0 0-0 8. Bf4 Bxf4 9. Nxf4 Qe8 10. Nd2 g5 11. Nd3 g4 12. Ne5 Qh5 13. Qb3 Nbd7 14. Nd3 Re8 15. f3 Nf8 16. Ne5 Ng6 17. fxg4 Nxg4 18. Nxg4 Qxg4 19. Nf3 h5 20. e3 Kg7 21. Rac1 Rh8 22. Nh4 Nxh4 23. Rf4 Qg5 24. Rxh4 Bd7 25. Re1 b6 26. Qb4 Qf6 27. Qd6 Be8 28. Qc7+ Qf7 29. Qe5+ Qf6 30. Qc7+ Qf7 31. Qe5+ Qf6 32. Qc7+ 1/2-1/2

[Event "Ruhrgebiet Verbandsliga Gruppe 1 1516"]
[Site "Germany"]
[Date "2016.01.24"]
[Round "6.2"]
[White "Boehm, Joachim"]
[Black "Brendemuehl, Bernd"]
[Result "1/2-1/2"]
[WhiteElo "2147"]
[BlackElo "1822"]
[PlyCount "98"]
[EventDate "2015.09.06"]
[EventType "team-tourn"]
[EventRounds "9"]
[EventCountry "GER"]
[SourceTitle "EXT 2022"]
[Source "ChessBase"]
[SourceDate "2021.10.06"]
[SourceVersion "1"]
[SourceVersionDate "2021.10.06"]
[SourceQuality "1"]
[WhiteTeam "Bottrop SV"]
[BlackTeam "Dortmund FS"]
[WhiteTeamCountry "GER"]
[BlackTeamCountry "GER"]

1. Nf3 d5 2. c4 d4 3. b4 g6 4. d3 Bg7 5. g3 e5 6. Nbd2 Ne7 7. Bg2 0-0 8. 0-0 a5 9. b5 c5 10. bxc6 Nbxc6 11. Ba3 f5 12. Rb1 Rb8 13. Qb3 h6 14. Nh4 Rf6 15. f4 exf4 16. gxf4 Kh7 17. Nhf3 Re6 18. Rf2 Ng8 19. Qd1 Nf6 20. h3 Bd7 21. Ne5 Nh5 22. Nxd7 Qxd7 23. Nf1 Bf6 24. Bd5 Ree8 25. Qd2 b6 26. Bf3 Ng7 27. Rb5 Qc7 28. Bg2 g5 29. Rd5 Rbd8 30. Rxd8 Nxd8 31. fxg5 Bxg5 32. Qb2 Nde6 33. Bf3 Bh4 34. Rh2 h5 35. Qb5 Nf4 36. Bc1 Re6 37. Kh1 Rg6 38. Bd2 Bg3 39. Nxg3 Rxg3 40. h4 Nxd3 41. Qd5 Nc5 42. Qxd4 Nce6 43. Qf2 Rg6 44. Bd5 Qe5 45. Rg2 Qa1+ 46. Kh2 Qe5+ 47. Kg1 Qa1+ 48. Kh2 Qe5+ 49. Kg1 Qa1+ 1/2-1/2

[Event "GER-chT Betriebe 15th"]
[Site "Munich"]
[Date "2015.10.25"]
[Round "7.1"]
[White "Gebert Vangeel, Ralf"]
[Black "Brendemuehl, Bernd"]
[Result "1/2-1/2"]
[WhiteElo "2041"]
[BlackElo "1858"]
[PlyCount "65"]
[EventDate "2015.10.22"]
[EventType "team-swiss"]
[EventRounds "7"]
[EventCountry "GER"]
[SourceTitle "EXT 2020"]
[Source "ChessBase"]
[SourceDate "2019.10.17"]
[SourceVersion "1"]
[SourceVersionDate "2019.10.17"]
[SourceQuality "1"]
[WhiteTeam "Berlin Osram"]
[BlackTeam "Muenchen EPA III"]
[WhiteTeamCountry "GER"]
[BlackTeamCountry "GER"]

1. e4 c5 2. Nf3 d6 3. d4 cxd4 4. Nxd4 Nf6 5. Nc3 g6 6. Be2 Bg7 7. Be3 0-0 8. Qd2 Nc6 9. f3 Bd7 10. h4 Rc8 11. g4 Ne5 12. h5 Nc4 13. Bxc4 Rxc4 14. 0-0-0 Qa5 15. Kb1 Rfc8 16. Nb3 Qc7 17. hxg6 hxg6 18. Bd4 Be6 19. g5 Nh5 20. Bxg7 Kxg7 21. f4 Rxc3 22. Qd4+ Kg8 23. bxc3 Qxc3 24. Qxc3 Rxc3 25. Kb2 Re3 26. Nd2 Nxf4 27. Rh4 Nh5 28. Nf1 Rf3 29. Rh1 Rf2 30. Rg1 Re2 31. Nd2 Kg7 32. a3 Re3 33. Rge1 1/2-1/2

[Event "GER-chT Betriebe 15th"]
[Site "Munich"]
[Date "2015.10.23"]
[Round "4.1"]
[White "Brendemuehl, Bernd"]
[Black "Choinowski, Gustav"]
[Result "1-0"]
[WhiteElo "1858"]
[BlackElo "2064"]
[PlyCount "52"]
[EventDate "2015.10.22"]
[EventType "team-swiss"]
[EventRounds "7"]
[EventCountry "GER"]
[SourceTitle "EXT 2020"]
[Source "ChessBase"]
[SourceDate "2019.10.17"]
[SourceVersion "1"]
[SourceVersionDate "2019.10.17"]
[SourceQuality "1"]
[WhiteTeam "Muenchen EPA III"]
[BlackTeam "Hamburg Rapid Unilever"]
[WhiteTeamCountry "GER"]
[BlackTeamCountry "GER"]

1. e4 c5 2. Nf3 d6 3. d4 cxd4 4. Nxd4 Nf6 5. Nc3 a6 6. Be2 e5 7. Nb3 Be7 8. 0-0 0-0 9. a4 b6 10. Be3 Bb7 11. f3 Nbd7 12. Qe1 d5 13. exd5 Nxd5 14. Nxd5 Bxd5 15. Rd1 Be6 16. Kh1 Qc7 17. Bd3 f5 18. Qe2 a5 19. Bb5 Rad8 20. Qf2 Nc5 21. Nxc5 bxc5 22. b3 f4 23. Bc1 c4 24. bxc4 Bxc4 25. Rfe1 Bf7 26. Bb2 Rxd1 1-0

[Event "Ruhrgebiet Verbandsklasse Gruppe 3 1415"]
[Site "Germany"]
[Date "2014.09.21"]
[Round "1.5"]
[White "Brendemuehl, Bernd"]
[Black "Gitschel, Ralf"]
[Result "1/2-1/2"]
[WhiteElo "1894"]
[BlackElo "1894"]
[PlyCount "81"]
[EventDate "2014.09.21"]
[EventType "team-tourn"]
[EventRounds "9"]
[EventCountry "GER"]
[SourceTitle "EXT 2022"]
[Source "ChessBase"]
[SourceDate "2021.10.06"]
[SourceVersion "1"]
[SourceVersionDate "2021.10.06"]
[SourceQuality "1"]
[WhiteTeam "Dortmund FS"]
[BlackTeam "Eichlinghofen SV"]
[WhiteTeamCountry "GER"]
[BlackTeamCountry "GER"]

1. e4 c5 2. Nf3 Nc6 3. d4 cxd4 4. Nxd4 Nf6 5. Nc3 e5 6. Ndb5 d6 7. Bg5 a6 8. Bxf6 gxf6 9. Na3 b5 10. Nd5 f5 11. Bd3 Be6 12. c4 Bxd5 13. exd5 Qa5+ 14. Kf1 Nd4 15. cxb5 axb5 16. Nc2 Nxc2 17. Qxc2 e4 18. Qc6+ Ke7 19. Bxb5 Rb8 20. a4 Kf6 21. Qc4 Qd2 22. Qc3+ Qxc3 23. bxc3 Be7 24. c4 Bd8 25. a5 Ra8 26. a6 Bb6 27. Bc6 Rab8 28. Bb7 Ba7 29. Ke2 Rhg8 30. g3 f4 31. Rhb1 Ke5 32. gxf4+ Kxf4 33. Rg1 Rg6 34. Rg3 Ke5 35. Rd1 f5 36. Rdg1 Rbg8 37. Bc6 f4 38. Rxg6 Rxg6 39. Rxg6 hxg6 40. f3 g5 41. h3 1/2-1/2